Statistics for Countries bordering 4 Countries, one for each direction (N, E, S, W)

Click here to take the quiz!

General Stats

  • This quiz has been taken 40 times
  • The average score is 4 of 7

Answer Stats

COUNTRY% Correct
Rwanda
76%
Botswana
68%
Zimbabwe
68%
Tajikistan
59%
Kyrgyzstan
56%
Armenia
35%
Jordan
32%

Score Distribution

Percentile by Number Answered

Percent of People with Each Score

Your Score History

You have not taken this quiz